<?xml version="1.0" encoding="UTF-8"?><?xml-stylesheet type="text/xsl" href="static/style.xsl"?><OAI-PMH xmlns="http://www.openarchives.org/OAI/2.0/" xmlns:xsi="http://www.w3.org/2001/XMLSchema-instance" xsi:schemaLocation="http://www.openarchives.org/OAI/2.0/ http://www.openarchives.org/OAI/2.0/OAI-PMH.xsd"><responseDate>2026-04-14T08:34:36Z</responseDate><request verb="GetRecord" identifier="oai:www.recercat.cat:2117/116931" metadataPrefix="marc">https://recercat.cat/oai/request</request><GetRecord><record><header><identifier>oai:recercat.cat:2117/116931</identifier><datestamp>2025-07-17T07:30:47Z</datestamp><setSpec>com_2072_1033</setSpec><setSpec>col_2072_452950</setSpec></header><metadata><record xmlns="http://www.loc.gov/MARC21/slim" xmlns:dcterms="http://purl.org/dc/terms/" xmlns:xsi="http://www.w3.org/2001/XMLSchema-instance" xmlns:doc="http://www.lyncode.com/xoai" xsi:schemaLocation="http://www.loc.gov/MARC21/slim http://www.loc.gov/standards/marcxml/schema/MARC21slim.xsd">
   <leader>00925njm 22002777a 4500</leader>
   <datafield ind2=" " ind1=" " tag="042">
      <subfield code="a">dc</subfield>
   </datafield>
   <datafield ind2=" " ind1=" " tag="720">
      <subfield code="a">Nikolic, Jelena</subfield>
      <subfield code="e">author</subfield>
   </datafield>
   <datafield ind2=" " ind1=" " tag="260">
      <subfield code="c">2013</subfield>
   </datafield>
   <datafield ind2=" " ind1=" " tag="520">
      <subfield code="a">The collective housing buildings are usually inflexible in the exploitation phase because of inflexible building structure. Inflexible structural model is composed of components and subsystems, more or less joined together into complex relations and fixed connections. Such physical relations stand as a limitation for elements to be replaced at the end of its service life and for the structure to be upgraded. Changes at the building level of 'static' systems are related with time and money consuming by long transformation processes, significant energy and material lose and enormous amount of waste production. The term transformation is introduced for dynamic changes in building structure on spatial, technical and material level. After each use phase, systems' configuration should be assembled to indicate building suitability for transformations according to new changing requirements. Open configuration model, based on independent and exchangeable components and subsystems, applied for more permanent building parts like load-bearing structure, enclosing, services' systems, may become the solution for the new dynamics in building structure. We will consider more specifically how controlled hierarchies, based on independency and systematization of elements in different technical levels, provide a context for flexibility in buildings. Technical composition of systems' configuration will be presented as a graph model. Graph model is a description for systems' configuration model to support systematization of structural elements into open hierarchy assemblies, based on edges between nodes and clusters. The cluster is an assembly of nodes (components) that perform the same function. The 'edge' is a demountable connection between nodes and clusters. Finally this research is about systems' configuration model for building structure with special focus on: 1) more flexibility of long-lasting building parts 2) integrated model based on coordinated relations-edges, between assemblies-clusters 3) more transformation capacity of integrated systems and components; 4) configuration ability to transform according to demountable joints.</subfield>
   </datafield>
   <datafield ind2=" " ind1=" " tag="520">
      <subfield code="a">Peer Reviewed</subfield>
   </datafield>
   <datafield ind2=" " ind1=" " tag="520">
      <subfield code="a">Postprint (author's final draft)</subfield>
   </datafield>
   <datafield tag="653" ind2=" " ind1=" ">
      <subfield code="a">Àrees temàtiques de la UPC::Arquitectura</subfield>
   </datafield>
   <datafield tag="653" ind2=" " ind1=" ">
      <subfield code="a">Àrees temàtiques de la UPC::Física</subfield>
   </datafield>
   <datafield tag="653" ind2=" " ind1=" ">
      <subfield code="a">Housing</subfield>
   </datafield>
   <datafield tag="653" ind2=" " ind1=" ">
      <subfield code="a">Buildings</subfield>
   </datafield>
   <datafield tag="653" ind2=" " ind1=" ">
      <subfield code="a">Systems' Configuration</subfield>
   </datafield>
   <datafield tag="653" ind2=" " ind1=" ">
      <subfield code="a">Systematization</subfield>
   </datafield>
   <datafield tag="653" ind2=" " ind1=" ">
      <subfield code="a">Housing Building Structure</subfield>
   </datafield>
   <datafield tag="653" ind2=" " ind1=" ">
      <subfield code="a">Edge Node and Cluster</subfield>
   </datafield>
   <datafield tag="653" ind2=" " ind1=" ">
      <subfield code="a">Graph Model</subfield>
   </datafield>
   <datafield tag="653" ind2=" " ind1=" ">
      <subfield code="a">Cases de pisos</subfield>
   </datafield>
   <datafield tag="653" ind2=" " ind1=" ">
      <subfield code="a">Habitatges</subfield>
   </datafield>
   <datafield ind2="0" ind1="0" tag="245">
      <subfield code="a">Open configuration model for collective housing building structure: graph model</subfield>
   </datafield>
</record></metadata></record></GetRecord></OAI-PMH>